NFL Number 2 seed in the AFC Quarterbacks - Statistics

General Stats
  • This quiz has been taken 25 times
    3 since last reset
  • The average score is 50 of 56
Answer Stats
Year Team QB % Correct
2016 Chiefs Alex Smith
100%
2017 Steelers Ben Roethlisberger
100%
2010 Steelers Ben Roethlisberger
100%
2008 Steelers Ben Roethlisberger
100%
1989 Browns Bernie Kosar
100%
1987 Browns Bernie Kosar
100%
1992 Dolphins Dan Marino
100%
1985 Dolphins Dan Marino
100%
1983 Dolphins Dan Marino
100%
2025 Patriots Drake Maye
100%
1996 Patriots Drew Bledsoe
100%
1988 Bills Jim Kelly
100%
2011 Ravens Joe Flacco
100%
1991 Broncos John Elway
100%
1986 Broncos John Elway
100%
1984 Broncos John Elway
100%
2024 Bills Josh Allen
100%
2023 Bills Josh Allen
100%
2022 Bills Josh Allen
100%
2020 Bills Josh Allen
100%
1995 Steelers Neil O'Donnell
100%
2021 Chiefs Patrick Mahomes
100%
2019 Chiefs Patrick Mahomes
100%
2014 Broncos Peyton Manning
100%
2007 Colts Peyton Manning
100%
1999 Colts Peyton Manning
100%
2009 Chargers Philip Rivers
100%
2000 Raiders Rich Gannon
100%
2002 Titans Steve McNair
100%
1979 Steelers Terry Bradshaw
100%
1972 Steelers Terry Bradshaw
100%
2018 Patriots Tom Brady
100%
2015 Patriots Tom Brady
100%
2013 Patriots Tom Brady
100%
2012 Patriots Tom Brady
100%
2004 Patriots Tom Brady
100%
2001 Patriots Tom Brady
100%
1998 Jets Vinny Testaverde
100%
1993 Oilers Warren Moon
100%
1977 Colts Bert Jones
67%
1976 Colts Bert Jones
67%
1974 Dolphins Bob Griese
67%
1971 Miami Dolphins Bob Griese
67%
1980 Browns Brian Sipe
67%
1970 Raiders Daryle Lamonica
67%
1982 Dolphins David Woodley
67%
1981 Dolphins David Woodley
67%
2005 Broncos Jake Plummer
67%
1990 Raiders Jay Schroeder
67%
1973 Bengals Ken Anderson
67%
1975 Raiders Ken Stabler
67%
1997 Steelers Kordell Stewart
67%
1978 Patriots Steve Grogan
67%
2003 Chiefs Trent Green
67%
1994 Chargers Stan Humphries
33%
2006 Ravens Steve McNair
33%
No matching quizzes found
Score Distribution
Percent of People with Each Score
Percentile by Number Answered
Your Score History
You have not taken this quiz since the last reset